Statistics for Countries With The Most Cell Phones

Click here to take the quiz!

General Stats

  • This quiz has been taken 34 times
  • The average score is 13 of 15

Answer Stats

Total Cell PhonesCountry% Correct
310,000,000United States
100%
1,100,000,000China
97%
893,862,000India
94%
138,363,000Japan
94%
100,786,000Mexico
94%
248,324,000Brazil
91%
107,700,000Germany
88%
261,900,000Russia
88%
281,960,000Indonesia
84%
112,780,000Nigeria
81%
97,180,000Bangladesh
75%
125,000,000Pakistan
75%
103,000,000Philippines
72%
134,066,000Vietnam
63%
97,225,000Italy
59%

Score Distribution

Percentile by Number Answered

Percent of People with Each Score

Your Score History

You have not taken this quiz